| 000 | 00998nam a2200217Ia 4500 | ||
|---|---|---|---|
| 999 |
_c37860 _d37860 |
||
| 001 | 3838 | ||
| 003 | GE_BSU | ||
| 005 | 20190815161602.0 | ||
| 008 | 181216s1980||||ge |||||||||||||| ||geo|| | ||
| 040 | _cGE_BSU | ||
| 041 | _ageo | ||
| 080 | _a1+171 შ–96 | ||
| 100 |
_aშუშანაშვილი, გერონტი _9385 |
||
| 245 |
_aზნეობრივი ღირებულების სპეციფიკა / _cრედ. გ. ბანძელაძე; ს.აქ. სსრ. მეცნ. აკად. ფილოსოფიის ინ–ტი. |
||
| 264 |
_aთბ. : _bმეცნიერება, _c1980. |
||
| 300 |
_a76 გვ. ; _b21 სმ. |
||
| 653 | _aზნეობრივი ღირებულებები | ||
| 700 |
_aბანძელაძე, გ. _eრედაქტორი _93556 |
||
| 710 |
_aსაქ. სსრ. მეცნ. აკად. ფილოსოფიის ინ–ტი. _93622 |
||
| 942 |
_cBK _2udc |
||